introduction to oracle: SQL and PL/SQL (Record no. 10706)
[ view plain ]
| 000 -LEADER | |
|---|---|
| fixed length control field | 00411 a2200145 4500 |
| 082 ## - DEWEY DECIMAL CLASSIFICATION NUMBER | |
| Classification number | 005.7565 ORA |
| 090 ## - LOCALLY ASSIGNED LC-TYPE CALL NUMBER (OCLC); LOCAL CALL NUMBER (RLIN) | |
| -- | 6884 |
| -- | 6884 |
| 100 ## - MAIN ENTRY--PERSONAL NAME | |
| Personal name | Neena kochhar |
| 245 ## - TITLE STATEMENT | |
| Title | introduction to oracle: SQL and PL/SQL |
| Statement of responsibility, etc. | Neena kochhar |
| 260 ## - PUBLICATION, DISTRIBUTION, ETC. | |
| Name of publisher, distributor, etc. | Jerry Brosnan |
| Date of publication, distribution, etc. | 1998 |
| 300 ## - PHYSICAL DESCRIPTION | |
| Extent | xvi, 300p. |
| Dimensions | 27cm. |
| 650 ## - SUBJECT ADDED ENTRY--TOPICAL TERM | |
| Topical term or geographic name entry element | PL/SQL (Computer program language) |
| 650 ## - SUBJECT ADDED ENTRY--TOPICAL TERM | |
| Topical term or geographic name entry element | SQL (Computer program language) |
| 942 ## - ADDED ENTRY ELEMENTS (KOHA) | |
| Koha item type | Book |
| Call number prefix | 005.7565 KOC |
| Withdrawn status | Lost status | Damaged status | Not for loan | Collection code | Permanent Location | Current Location | Shelving location | Date acquired | Source of acquisition | Total Checkouts | Full call number | Barcode | Date last seen | Price effective from | Koha item type |
|---|---|---|---|---|---|---|---|---|---|---|---|---|---|---|---|
| Central Library (CL) | Central Library (CL) | First Floor - Databases | 06/10/2015 | Donation | 005.7565 KOC | SEECSD01127 | 06/22/2015 | 06/22/2015 | Book |
